| 000 -LEADER |
| fixed length control field |
00392nam a22001577a 4500 |
| 008 - FIXED-LENGTH DATA ELEMENTS--GENERAL INFORMATION |
| fixed length control field |
140521b xxu||||| |||| 00| 0 alb d |
| 041 0# - LANGUAGE CODE |
| Language code of text/sound track or separate title |
alb |
| 080 ## - UNIVERSAL DECIMAL CLASSIFICATION NUMBER |
| Universal Decimal Classification number |
512 |
| Common auxiliary subdivision |
(075.8) |
| 100 ## - Rafti |
| Rafti |
Gashi, Emrush, |
| 245 10 - TITLE STATEMENT |
| Title |
Algjebra 1 / |
| Statement of responsibility, etc |
Emrush Gashi; |
| 300 ## - |
| -- |
356 f.: |
| -- |
me il.; |
| -- |
24 cm. |
| 500 ## - |
| -- |
Parathënie: [VII]-X |
| 505 ## - |
| -- |
Indeksi: f. 353-356 |
| 650 ## - |
| -- |
Algjebra |
| 942 ## - ADDED ENTRY ELEMENTS (KOHA) |
| Source of classification or shelving scheme |
|
| Item type |
Books |